[Event "III Open del Martedi' A"]
[Site "Torino ITA"]
[Date "2013.09.17"]
[Round "1"]
[White "Di Chiara, Mauro"]
[Black "Manni, Stefano"]
[WhiteElo "2011"]
[BlackElo "2010"]
[Result "0-1"]
[PlyCount "92"]
[EventDate "2013.09.17"]

1. Nf3 d5 2. c4 e6 3. d4 Nf6 4. g3 Nbd7 5. Nbd2 c6 6. Bg2 Be7 7. O-O O-O 8. Qc2
b6 9. e4 dxe4 10. Nxe4 Bb7 11. Rd1 Qc8 12. Ne5 c5 13. Nxf6+ Nxf6 14. d5 exd5
15. cxd5 Rd8 16. Qb3 Bd6 17. Nc4 Qf5 18. Nxd6 Rxd6 19. Bf4 Bxd5 20. Qd3 Qxd3
21. Rxd3 Rd7 22. Rad1 Rad8 23. Bh3 Be6 24. Rxd7 Rxd7 25. Rxd7 Nxd7 26. Bxe6
fxe6 27. b3 Kf7 28. Kf1 e5 29. Bd2 Ke6 30. Ke2 Kd5 31. Bc3 Nb8 32. f4 exf4 33.
Bxg7 fxg3 34. hxg3 Nc6 35. Bc3 Ke4 36. Bf6 Nb4 37. a4 Nc6 38. Kd2 Nb4 39. Bd8
Nd5 40. a5 b5 41. a6 Nb4 42. Bb6 Nxa6 43. Bxa7 Kf3 44. Kd3 h5 45. Bb6 Kxg3 46.
Ke4 h4 0-1

[Event "III Open del Martedi' A"]
[Site "Torino ITA"]
[Date "2013.09.17"]
[Round "1"]
[White "Pulito, Alberto"]
[Black "Malano, Francesco"]
[WhiteElo "2285"]
[BlackElo "1879"]
[Result "1-0"]
[PlyCount "55"]
[EventDate "2013.09.17"]

1. Nf3 Nf6 2. c4 c5 3. g3 g6 4. b3 Nc6 5. Bb2 Bg7 6. Bg2 O-O 7. O-O d6 8. h3
Rb8 9. Nc3 Bd7 10. Rc1 a6 11. d4 cxd4 12. Nxd4 Nxd4 13. Qxd4 Bc6 14. Rfd1 Ne4
15. Qe3 Nxc3 16. Bxc3 Bxc3 17. Rxc3 Bxg2 18. Kxg2 Rc8 19. Rcd3 Qc7 20. h4 h5
21. Qh6 b5 22. cxb5 Qb7+ 23. Rd5 Rb8 24. R1d3 Qd7 25. Rg5 Rfc8 26. Qxh5 Rc2 27.
Rf3 Kg7 28. Rxf7+ 1-0

[Event "III Open del Martedi' A"]
[Site "Torino ITA"]
[Date "2013.09.17"]
[Round "1"]
[White "Quirico, Paolo"]
[Black "Manunta, Andrea"]
[WhiteElo "2118"]
[BlackElo "1915"]
[Result "1/2-1/2"]
[PlyCount "84"]
[EventDate "2013.09.17"]

1. c4 c5 2. g3 g6 3. Bg2 Bg7 4. Nc3 Nc6 5. Nf3 e5 6. O-O Nge7 7. Ne1 O-O 8. d3
a6 9. Rb1 Rb8 10. a4 d6 11. Nc2 Be6 12. b4 b6 13. Bg5 f6 14. Bd2 Qd7 15. b5
axb5 16. axb5 Nd4 17. Ne3 Bh3 18. Ned5 Bxg2 19. Kxg2 Nxd5 20. Nxd5 Qb7 21. e3
Ne6 22. f3 f5 23. e4 Ra8 24. Ra1 Nd4 25. Bc3 Rxa1 26. Qxa1 Ra8 27. Qb2 Ne6 28.
Ra1 Rxa1 29. Qxa1 Nc7 30. Ne7+ Kf7 31. Nc6 Qa8 32. Qb2 Ne6 33. exf5 gxf5 34. f4
exf4 35. Bxg7 Nxg7 36. gxf4 Ne6 37. Qf2 Qg8+ 38. Kf3 Qg4+ 39. Ke3 h6 40. Qg3
Qd1 41. Qh4 Qc1+ 42. Kf3 Qd1+ 1/2-1/2

[Event "III Open del Martedi' A"]
[Site "Torino ITA"]
[Date "2013.09.24"]
[Round "2"]
[White "Boetto, Massimo"]
[Black "Di Chiara, Mauro"]
[WhiteElo "1999"]
[BlackElo "2011"]
[Result "1/2-1/2"]
[PlyCount "62"]
[EventDate "2013.09.17"]

1. e4 g6 2. d4 Bg7 3. Nc3 c6 4. Nf3 d6 5. h3 Nf6 6. Be2 O-O 7. O-O b5 8. Be3 b4
9. e5 bxc3 10. exf6 Bxf6 11. bxc3 Nd7 12. Bh6 Re8 13. h4 Qa5 14. Qd2 Nb6 15.
Ng5 Nd5 16. Bc4 Ba6 17. Bxa6 Qxa6 18. Rab1 Rab8 19. Rb3 Qc4 20. Rfb1 Rb6 21.
Ne4 Bxh4 22. Qe1 Nf6 23. Rxb6 axb6 24. Rxb6 Ng4 25. g3 Qe6 26. Bd2 Nf6 27.
Nxf6+ Bxf6 28. Qxe6 fxe6 29. a3 Ra8 30. Bc1 Rc8 31. Be3 Ra8 1/2-1/2

[Event "III Open del Martedi' A"]
[Site "Torino ITA"]
[Date "2013.09.24"]
[Round "2"]
[White "Malano, Francesco"]
[Black "Manni, Stefano"]
[WhiteElo "1879"]
[BlackElo "2010"]
[Result "0-1"]
[PlyCount "86"]
[EventDate "2013.09.17"]

1. Nf3 d5 2. d4 Nf6 3. c4 e6 4. Nc3 Be7 5. Bf4 O-O 6. e3 c5 7. dxc5 Bxc5 8. Qc2
dxc4 9. Bxc4 a6 10. a3 b5 11. Be2 Qb6 12. Ng5 Bb7 13. O-O Nbd7 14. Rad1 Rfd8
15. Bf3 Rac8 16. b4 Be7 17. Qb3 h6 18. Nge4 Nd5 19. Nxd5 Bxd5 20. Qb2 Nf6 21.
Nd2 Bxf3 22. Nxf3 Nd5 23. Be5 f6 24. Bd4 Qb7 25. Rc1 e5 26. Bc5 Bxc5 27. Rxc5
Nb6 28. Rxc8 Qxc8 29. Nd2 Rd3 30. h3 Qd8 31. Qa2+ Kh8 32. Nb1 Nc4 33. Re1 Qd5
34. Re2 Rd1+ 35. Kh2 Qd3 36. Rc2 e4 37. Nc3 Re1 38. Qb3 Qd6+ 39. g3 Qd3 40. g4
Qf1 41. Kg3 Qd3 42. a4 g5 43. axb5 axb5 0-1

[Event "III Open del Martedi' A"]
[Site "Torino ITA"]
[Date "2013.09.24"]
[Round "2"]
[White "Pulito, Alberto"]
[Black "Quirico, Paolo"]
[WhiteElo "2285"]
[BlackElo "2118"]
[Result "1-0"]
[PlyCount "65"]
[EventDate "2013.09.17"]

1. e4 e6 2. d4 d5 3. Nc3 Bb4 4. e5 c5 5. Bd2 Ne7 6. a3 Bxc3 7. Bxc3 b6 8. b4
O-O 9. Nf3 cxb4 10. axb4 f6 11. Bd3 Qe8 12. Qe2 Ng6 13. g3 Qf7 14. h4 Qc7 15.
Ra3 Nd7 16. Bb2 a5 17. h5 Nh8 18. exf6 Nxf6 19. Rh4 Nf7 20. Bc1 Qe7 21. b5 Bd7
22. Ne5 Be8 23. Kf1 Nd6 24. Kg2 Nfe4 25. f3 Nf6 26. h6 g6 27. Rc3 Rc8 28. Rxc8
Nxc8 29. c4 Qb4 30. Qb2 Ne7 31. Be3 Qe1 32. Be2 Nh5 33. Rxh5 1-0

[Event "III Open del Martedi' A"]
[Site "Torino ITA"]
[Date "2013.10.01"]
[Round "3"]
[White "Di Chiara, Mauro"]
[Black "Manunta, Andrea"]
[WhiteElo "2011"]
[BlackElo "1915"]
[Result "1-0"]
[PlyCount "145"]
[EventDate "2013.09.17"]

1. g3 d5 2. Bg2 Nf6 3. Nf3 c5 4. O-O Nc6 5. d4 e6 6. c4 cxd4 7. cxd5 Qxd5 8.
Nxd4 Qd7 9. Nxc6 bxc6 10. Qb3 Qb7 11. Qc2 Bd7 12. Nd2 Rc8 13. Nc4 Nd5 14. e4
Nb6 15. Qb3 Qa6 16. Ne5 Qb5 17. Nxd7 Nxd7 18. Qc3 Qb4 19. Bd2 Qxc3 20. Bxc3 f6
21. Rfd1 Bc5 22. Rac1 e5 23. Bh3 Rc7 24. Ba5 Bb6 25. Bb4 c5 26. Rxd7 Rxd7 27.
Bxd7+ Kxd7 28. Bxc5 Bxc5 29. Rxc5 Rb8 30. b3 Kd6 31. Rc4 Rb6 32. Kf1 Ra6 33.
Rc2 Kd7 34. Ke2 Kd8 35. f3 Kd7 36. Kd3 Rd6+ 37. Kc3 Rc6+ 38. Kb2 Rd6 39. Kc1
Ke7 40. Rd2 Rc6+ 41. Kb2 h5 42. h4 g6 43. b4 Rc7 44. Rc2 Rd7 45. a4 Rb7 46. Kb3
Kd6 47. b5 Rb6 48. Kb4 Kd7 49. Rd2+ Kc7 50. a5 Re6 51. Kc5 f5 52. Rd5 fxe4 53.
fxe4 Re7 54. b6+ axb6+ 55. axb6+ Kb7 56. Kd6 Rg7 57. Rb5 g5 58. Kxe5 gxh4 59.
gxh4 Rg4 60. Kf5 Rxh4 61. e5 Rh1 62. e6 Rf1+ 63. Kg6 h4 64. e7 Re1 65. Kf6 h3
66. Rh5 Rf1+ 67. Ke6 Re1+ 68. Kd7 Rd1+ 69. Ke8 Kxb6 70. Rxh3 Kc7 71. Rf3 Rh1
72. Kf8 Rh8+ 73. Kg7 1-0

[Event "III Open del Martedi' A"]
[Site "Torino ITA"]
[Date "2013.10.01"]
[Round "3"]
[White "Finocchiaro, Gianluca"]
[Black "Pulito, Alberto"]
[WhiteElo "2084"]
[BlackElo "2285"]
[Result "1/2-1/2"]
[PlyCount "30"]
[EventDate "2013.09.17"]

1. e4 e6 2. d4 d5 3. Nc3 a6 4. exd5 exd5 5. Bd3 c6 6. Bf4 Nf6 7. h3 Be7 8. Qf3
Be6 9. Nge2 Nbd7 10. Bh2 Qa5 11. O-O c5 12. dxc5 Nxc5 13. Nd4 O-O 14. Rfe1 Rfe8
15. Nf5 Nxd3 1/2-1/2

[Event "III Open del Martedi' A"]
[Site "Torino ITA"]
[Date "2013.10.01"]
[Round "3"]
[White "Manni, Stefano"]
[Black "Boetto, Massimo"]
[WhiteElo "2010"]
[BlackElo "1999"]
[Result "1-0"]
[PlyCount "79"]
[EventDate "2013.09.17"]

1. d4 Nf6 2. c4 g6 3. Nf3 Bg7 4. Nc3 O-O 5. e4 d6 6. Be2 e5 7. O-O Nc6 8. Be3
Ng4 9. Bg5 f6 10. Bc1 f5 11. Bg5 Qe8 12. d5 Nd4 13. Nxd4 exd4 14. Nb5 Qe5 15.
f4 Qxe4 16. Bxg4 fxg4 17. Re1 Qf5 18. Nxd4 Bxd4+ 19. Qxd4 Bd7 20. Re7 Rf7 21.
Rae1 Raf8 22. Rxf7 Rxf7 23. Qxa7 h6 24. Bxh6 Qd3 25. b3 b6 26. Qxc7 Qd4+ 27.
Kh1 Qf2 28. Rg1 Bf5 29. Qd8+ Kh7 30. Qe8 Ra7 31. Bg5 g3 32. hxg3 Kg7 33. Qe1
Qxa2 34. Qc3+ Kg8 35. Re1 Qf2 36. Re8+ Kf7 37. Qh8 Ra1+ 38. Qxa1 Kxe8 39. Qh8+
Kf7 40. Qf6+ 1-0

[Event "III Open del Martedi' A"]
[Site "Torino ITA"]
[Date "2013.10.01"]
[Round "3"]
[White "Quirico, Paolo"]
[Black "Malano, Francesco"]
[WhiteElo "2118"]
[BlackElo "1879"]
[Result "1-0"]
[PlyCount "111"]
[EventDate "2013.09.17"]

1. d4 c5 2. e3 e6 3. Nf3 Nf6 4. Bd3 d5 5. c3 Nc6 6. Nbd2 Be7 7. O-O O-O 8. dxc5
Bxc5 9. e4 dxe4 10. Nxe4 Be7 11. Qe2 Qc7 12. Nxf6+ Bxf6 13. Qe4 g6 14. Bh6 Re8
15. Rfe1 e5 16. Bc4 Bd7 17. Qe2 Rad8 18. Bg5 Qd6 19. Bxf6 Qxf6 20. Nd2 Kg7 21.
Rad1 a6 22. Ne4 Qe7 23. b4 Bc8 24. Nc5 a5 25. a3 f6 26. Rxd8 Rxd8 27. Rd1 axb4
28. axb4 Rxd1+ 29. Qxd1 Qd8 30. Qxd8 Nxd8 31. Bd5 Kf8 32. Kf1 Ke7 33. Ke2 Kd6
34. Bg8 h6 35. Kd3 Ne6 36. Bxe6 Bxe6 37. Nxb7+ Ke7 38. Nc5 Bd5 39. g3 f5 40. c4
Bg2 41. Nb3 Kd6 42. Nc1 g5 43. Nb3 h5 44. Na5 h4 45. b5 hxg3 46. hxg3 Kc5 47.
Kc3 f4 48. Nb3+ Kd6 49. Kb4 g4 50. c5+ Kc7 51. b6+ Kb7 52. Na5+ Ka6 53. Nc4
fxg3 54. fxg3 e4 55. Ne3 Bf3 56. Kc4 1-0

[Event "III Open del Martedi' A"]
[Site "Torino ITA"]
[Date "2013.10.08"]
[Round "4"]
[White "Malano, Francesco"]
[Black "Boetto, Massimo"]
[WhiteElo "1879"]
[BlackElo "1999"]
[Result "0-1"]
[PlyCount "60"]
[EventDate "2013.09.17"]

1. d4 Nf6 2. Nf3 g6 3. c4 Bg7 4. Nc3 O-O 5. e4 d6 6. g3 Nbd7 7. Bg2 e5 8. O-O
c6 9. h3 Re8 10. Be3 Qe7 11. Qd2 exd4 12. Nxd4 Ne5 13. Qe2 c5 14. Nc2 Be6 15.
b3 Qd7 16. Rad1 Bxh3 17. Bxc5 Bxg2 18. Kxg2 Re6 19. Bb4 Nc6 20. Ba3 Rc8 21. f3
Nxe4 22. Nxe4 f5 23. Qd3 fxe4 24. fxe4 Ne5 25. Qd5 Nf7 26. Rde1 Re5 27. Qd3 Ng5
28. Qxd6 Qh3+ 29. Kg1 Qxg3+ 30. Kh1 Nf3 0-1

[Event "III Open del Martedi' A"]
[Site "Torino ITA"]
[Date "2013.10.08"]
[Round "4"]
[White "Manunta, Andrea"]
[Black "Manni, Stefano"]
[WhiteElo "1915"]
[BlackElo "2010"]
[Result "1-0"]
[PlyCount "84"]
[EventDate "2013.09.17"]

1. d4 d5 2. Nf3 Nf6 3. e3 e6 4. b3 c5 5. Bb2 cxd4 6. exd4 Nc6 7. Nbd2 Bd6 8.
Bd3 O-O 9. O-O b6 10. Ne5 Qc7 11. Nxc6 Qxc6 12. Rc1 Bb7 13. f3 Nh5 14. g3 Qc7
15. f4 Nf6 16. Qf3 a5 17. Qe2 a4 18. a3 axb3 19. cxb3 Qe7 20. b4 Nd7 21. Nf3 f5
22. Rfe1 Rac8 23. Bb5 Rf6 24. Qd1 Ra8 25. Ne5 Nf8 26. Bc6 Rh6 27. Bxb7 Qxb7 28.
Rc2 Nd7 29. Nxd7 Qxd7 30. Re3 g5 31. fxg5 Rg6 32. Rf3 Rxg5 33. Bc1 Rg4 34. Kh1
h5 35. h3 Rg6 36. Rfc3 h4 37. gxh4 f4 38. Rf3 Qf7 39. Qf1 Qf5 40. Rc6 Qe4 41.
Qd3 Qe1+ 42. Rf1 Qxh4 1-0

[Event "III Open del Martedi' A"]
[Site "Torino ITA"]
[Date "2013.10.08"]
[Round "4"]
[White "Pulito, Alberto"]
[Black "Di Chiara, Mauro"]
[WhiteElo "2285"]
[BlackElo "2011"]
[Result "1-0"]
[PlyCount "79"]
[EventDate "2013.09.17"]

1. e4 d6 2. d4 g6 3. Nc3 Bg7 4. Nf3 Nf6 5. h3 O-O 6. Be3 c6 7. a4 d5 8. e5 Ne4
9. Bd3 Bf5 10. Ne2 Na6 11. c3 c5 12. O-O cxd4 13. Nexd4 Nac5 14. Nxf5 gxf5 15.
Bxc5 Nxc5 16. Bxf5 e6 17. Bc2 Qc7 18. Qd2 Rfd8 19. Rfe1 Qe7 20. Rad1 Nd7 21.
Qe3 Nf8 22. Qf4 Rac8 23. Rd4 Ng6 24. Qg4 Kh8 25. Qh5 Rg8 26. Ng5 h6 27. Nxf7+
Qxf7 28. Bxg6 Qe7 29. Bd3 Qg5 30. Qxg5 hxg5 31. h4 Bh6 32. h5 Rgf8 33. Bg6 Bg7
34. g3 Kg8 35. Kg2 Rfd8 36. Bd3 Rf8 37. Rg4 Bh6 38. f4 Kh8 39. fxg5 Rg8 40. Bg6
1-0

[Event "III Open del Martedi' A"]
[Site "Torino ITA"]
[Date "2013.10.15"]
[Round "5"]
[White "Boetto, Massimo"]
[Black "Manunta, Andrea"]
[WhiteElo "1999"]
[BlackElo "1915"]
[Result "1/2-1/2"]
[PlyCount "60"]
[EventDate "2013.09.17"]

1. e4 e6 2. d4 d5 3. Nc3 Bb4 4. e5 c5 5. a3 Bxc3+ 6. bxc3 Qc7 7. Qg4 f5 8. Qg3
cxd4 9. cxd4 Ne7 10. Bd2 O-O 11. c3 b6 12. Ne2 Ba6 13. Nf4 Qd7 14. Bxa6 Nxa6
15. h4 Rac8 16. h5 Nc7 17. h6 g6 18. Nh5 Ne8 19. Bg5 Rf7 20. Nf4 Kf8 21. Bxe7+
Qxe7 22. Kd2 Rc4 23. Nxg6+ hxg6 24. Qxg6 Rh7 25. f3 Qf7 26. Qg3 Qg8 27. Qf2
Qg5+ 28. f4 Qg6 29. g4 fxg4 30. Qh4 Qf5 1/2-1/2

[Event "III Open del Martedi' A"]
[Site "Torino ITA"]
[Date "2013.10.15"]
[Round "5"]
[White "Di Chiara, Mauro"]
[Black "Quirico, Paolo"]
[WhiteElo "2011"]
[BlackElo "2118"]
[Result "0-1"]
[PlyCount "88"]
[EventDate "2013.09.17"]

1. g3 f5 2. Bg2 Nf6 3. d4 e6 4. c4 Be7 5. Nf3 O-O 6. O-O d6 7. Nc3 a5 8. Qc2
Nc6 9. Rd1 Qe8 10. e4 Nb4 11. Qe2 fxe4 12. Nxe4 Nxe4 13. Qxe4 e5 14. dxe5 Bf5
15. Qxb7 Nc2 16. exd6 Bxd6 17. Ng5 Rb8 18. Qd5+ Kh8 19. Bd2 Nxa1 20. Rxa1 Rxb2
21. Bc3 Rc2 22. Qd4 Rxc3 23. Qxc3 Be5 24. Qe1 Bxa1 25. Qxa1 Qe7 26. h4 h6 27.
Nf3 Qe2 28. Ne5 Rb8 29. Qd4 Rb1+ 30. Kh2 Qd1 31. Qxd1 Rxd1 32. g4 Be6 33. Kg3
Rc1 34. Ng6+ Kg8 35. Ne5 Ra1 36. f4 Rxa2 37. f5 Bf7 38. g5 hxg5 39. hxg5 Re2
40. Nxf7 Rxg2+ 41. Kxg2 Kxf7 42. Kf3 a4 43. Ke4 a3 44. Ke5 a2 0-1

[Event "III Open del Martedi' A"]
[Site "Torino ITA"]
[Date "2013.10.15"]
[Round "5"]
[White "Finocchiaro, Gianluca"]
[Black "Malano, Francesco"]
[WhiteElo "2084"]
[BlackElo "1879"]
[Result "1-0"]
[PlyCount "34"]
[EventDate "2013.09.17"]

1. d4 d6 2. Nf3 Nf6 3. c4 g6 4. Nc3 Bg7 5. Bg5 O-O 6. e3 c6 7. Bd3 Nbd7 8. Qc2
Re8 9. O-O Qc7 10. e4 e5 11. a3 a6 12. b4 c5 13. b5 a5 14. Ne1 b6 15. Qd2 Ra7
16. f4 exf4 17. Bxf4 Nh5 1-0

[Event "III Open del Martedi' A"]
[Site "Torino ITA"]
[Date "2013.10.15"]
[Round "5"]
[White "Manni, Stefano"]
[Black "Pulito, Alberto"]
[WhiteElo "2010"]
[BlackElo "2285"]
[Result "0-1"]
[PlyCount "34"]
[EventDate "2013.09.17"]

1. d4 d6 2. e4 Nf6 3. Nc3 e5 4. Nf3 Nbd7 5. Bc4 Be7 6. h3 O-O 7. Be3 c6 8. Qd2
b5 9. Bd3 Bb7 10. Nh4 exd4 11. Bxd4 b4 12. Ne2 c5 13. Bxf6 Nxf6 14. Ng3 d5 15.
exd5 Nxd5 16. Nf3 Bf6 17. O-O-O Bxb2+ 0-1

[Event "III Open del Martedi' A"]
[Site "Torino ITA"]
[Date "2013.10.22"]
[Round "6"]
[White "Finocchiaro, Gianluca"]
[Black "Di Chiara, Mauro"]
[WhiteElo "2084"]
[BlackElo "2011"]
[Result "1-0"]
[PlyCount "74"]
[EventDate "2013.09.17"]

1. e4 g6 2. d4 Bg7 3. Bc4 d6 4. Qf3 e6 5. Ne2 Ne7 6. Bg5 Nbc6 7. Nbc3 Nxd4 8.
Nxd4 Bxd4 9. O-O-O Bg7 10. Rhe1 Bd7 11. e5 Bc6 12. Qf4 h6 13. Bf6 O-O 14. Bxg7
Kxg7 15. exd6 cxd6 16. Rxd6 Qa5 17. Red1 Qf5 18. Qd4+ Qf6 19. g4 Qxd4 20. R6xd4
Rac8 21. Bb5 Rc7 22. Bxc6 Nxc6 23. Rd7 Rxd7 24. Rxd7 Rd8 25. Rxb7 Rd4 26. h3
Rf4 27. Nd1 h5 28. gxh5 gxh5 29. b3 Nd4 30. Rxa7 Ne2+ 31. Kd2 Ng1 32. Ra3 h4
33. Ke1 Nf3+ 34. Kf1 e5 35. Ne3 Nd2+ 36. Kg2 f5 37. Ra5 Ne4 1-0

[Event "III Open del Martedi' A"]
[Site "Torino ITA"]
[Date "2013.10.22"]
[Round "6"]
[White "Malano, Francesco"]
[Black "Manunta, Andrea"]
[WhiteElo "1879"]
[BlackElo "1915"]
[Result "1/2-1/2"]
[PlyCount "70"]
[EventDate "2013.09.17"]

1. d4 e6 2. c4 Nf6 3. Nc3 Bb4 4. Bg5 c5 5. d5 d6 6. e3 h6 7. Bh4 Bxc3+ 8. bxc3
e5 9. Bd3 O-O 10. Ne2 Re8 11. f3 Nbd7 12. O-O Qe7 13. Qc2 Qf8 14. Rae1 g6 15.
h3 Qg7 16. Bg3 Nf8 17. Bh2 N6h7 18. f4 e4 19. Bxe4 f5 20. Bf3 Rxe3 21. Qd2 Re8
22. Nc1 Bd7 23. Bg3 Nf6 24. Rxe8 Rxe8 25. Re1 Qf7 26. Re3 Rxe3 27. Qxe3 Qe8 28.
Qxe8 Bxe8 29. Nb3 Ba4 30. Kf2 Kf7 31. Bh2 h5 32. Bg3 N8d7 33. Bh4 Kg7 34. Bg5
Kf7 35. Bh4 Ke8 1/2-1/2

[Event "III Open del Martedi' A"]
[Site "Torino ITA"]
[Date "2013.10.22"]
[Round "6"]
[White "Pulito, Alberto"]
[Black "Boetto, Massimo"]
[WhiteElo "2285"]
[BlackElo "1999"]
[Result "1-0"]
[PlyCount "49"]
[EventDate "2013.09.17"]

1. e4 e6 2. d4 d5 3. Nc3 Nf6 4. Bg5 Bb4 5. Nge2 dxe4 6. a3 Be7 7. Bxf6 Bxf6 8.
Nxe4 Nd7 9. Qd2 b6 10. g3 Bb7 11. Bg2 Bxe4 12. Bxe4 Rb8 13. O-O-O O-O 14. c3 b5
15. Qc2 g6 16. h4 Be7 17. h5 Nf6 18. hxg6 hxg6 19. Bd3 a5 20. Nf4 Qd7 21. g4 b4
22. Bxg6 fxg6 23. Nxg6 bxc3 24. b3 Qd5 25. Nxe7+ 1-0

[Event "III Open del Martedi' A"]
[Site "Torino ITA"]
[Date "2013.10.29"]
[Round "7"]
[White "Boetto, Massimo"]
[Black "Quirico, Paolo"]
[WhiteElo "1999"]
[BlackElo "2118"]
[Result "1/2-1/2"]
[PlyCount "20"]
[EventDate "2013.09.17"]

1. e4 c5 2. Nf3 g6 3. d4 cxd4 4. Nxd4 Nc6 5. Nc3 Bg7 6. Be3 Nf6 7. Be2 O-O 8.
O-O d5 9. exd5 Nxd5 10. Nxd5 Nxd4 1/2-1/2

[Event "III Open del Martedi' A"]
[Site "Torino ITA"]
[Date "2013.10.29"]
[Round "7"]
[White "Di Chiara, Mauro"]
[Black "Malano, Francesco"]
[WhiteElo "2011"]
[BlackElo "1879"]
[Result "1-0"]
[PlyCount "109"]
[EventDate "2013.09.17"]

1. Nf3 f5 2. d4 Nf6 3. c4 e6 4. g3 Bb4+ 5. Bd2 Bxd2+ 6. Nbxd2 b6 7. Bg2 Bb7 8.
O-O O-O 9. Qc2 Qe7 10. Rfe1 d6 11. Ng5 Bxg2 12. Kxg2 h6 13. Ngf3 Nbd7 14. e4
fxe4 15. Nxe4 Rae8 16. Nh4 Qf7 17. f4 Nxe4 18. Qxe4 Qf6 19. Rad1 Rf7 20. Qg6
Qxg6 21. Nxg6 Nf8 22. Nh4 Rfe7 23. Nf3 Kf7 24. Re2 Kf6 25. Rde1 Nd7 26. g4 g6
27. Kg3 e5 28. g5+ hxg5 29. fxg5+ Kf7 30. dxe5 dxe5 31. h4 a5 32. Nh2 Nc5 33.
Ng4 e4 34. Nf6 Rd8 35. Nd5 Re5 36. Rf1+ Rf5 37. Rxf5+ gxf5 38. h5 Rg8 39. g6+
Ke6 40. Nxc7+ Ke5 41. Nd5 Nd3 42. Kh4 f4 43. Rxe4+ Kxe4 44. Nf6+ Ke3 45. Nxg8
f3 46. Nh6 Ne5 47. Nf5+ Kf4 48. Ng3 Ng4 49. g7 Nh6 50. b3 f2 51. Kh3 Kf3 52.
Nf1 Kf4 53. Kg2 Kg5 54. Ne3 Kf6 55. Ng4+ 1-0

[Event "III Open del Martedi' A"]
[Site "Torino ITA"]
[Date "2013.10.29"]
[Round "7"]
[White "Manni, Stefano"]
[Black "Finocchiaro, Gianluca"]
[WhiteElo "2010"]
[BlackElo "2084"]
[Result "1/2-1/2"]
[PlyCount "28"]
[EventDate "2013.09.17"]

1. d4 d6 2. e4 Nf6 3. Nc3 c6 4. f4 Qa5 5. Bd3 e5 6. Nf3 Bg4 7. dxe5 dxe5 8. h3
Bxf3 9. Qxf3 Nbd7 10. Bd2 Qc7 11. O-O Bd6 12. f5 Nc5 13. Qg3 g6 14. Rae1 Nh5
1/2-1/2

[Event "III Open del Martedi' A"]
[Site "Torino ITA"]
[Date "2013.10.29"]
[Round "7"]
[White "Manunta, Andrea"]
[Black "Pulito, Alberto"]
[WhiteElo "1915"]
[BlackElo "2285"]
[Result "0-1"]
[PlyCount "52"]
[EventDate "2013.09.17"]

1. d4 d6 2. Nf3 f5 3. Bf4 Nf6 4. e3 g6 5. h4 Bg7 6. h5 Nc6 7. h6 Bf8 8. d5 e5
9. Bg5 Nb8 10. c4 Be7 11. Nc3 a5 12. a3 O-O 13. Nd2 Nxd5 14. Bxe7 Nxe7 15. Qb3
Kh8 16. O-O-O Nd7 17. f4 Nc5 18. Qc2 c6 19. fxe5 dxe5 20. Nf3 Qc7 21. Be2 Ng8
22. Rd2 a4 23. Kb1 Qe7 24. Rh2 f4 25. e4 Nf6 26. Ne1 Nfxe4 0-1